Primárny trh s dlhopismi v pokrízovom období dizertačná práca
Salvato in:
| Autore principale: | |
|---|---|
| Ente Autore: | |
| Altri autori: | |
| Natura: | Libro |
| Lingua: | slovacco |
| Pubblicazione: |
Košice
2023
|
| Soggetti: | |
| Tags: |
Nessun Tag, puoi essere il primo ad aggiungerne!!
|
MARC
| LEADER | 00000nbm a2200000 4500 | ||
|---|---|---|---|
| 001 | 0295771 | ||
| 005 | 20231019133425.0 | ||
| 041 | 0 | |a slo | |
| 044 | |a SK | ||
| 245 | 1 | 0 | |a Primárny trh s dlhopismi v pokrízovom období |b dizertačná práca |c Paulína Kaselyová ; školiteľ: Michal Tkáč |
| 264 | 1 | |a Košice |c 2023 | |
| 300 | |a 114 s. | ||
| 610 | 2 | 0 | |a dlhopisy |
| 610 | 2 | 0 | |a trh finančný |
| 610 | 2 | 0 | |a emitenti |
| 610 | 2 | 0 | |a emisia |
| 100 | 1 | |a Kaselyová, Paulína, 1995- | |
| 700 | 1 | |a Tkáč, Michal, 1958- | |
| 710 | 2 | |a Podnikovohospodárska fakulta EU so sídlom v Košiciach. Katedra finančného riadenia podniku | |